|
|
|
|
| LEADER |
00000nam0a2200000 4500 |
| 001 |
276683 |
| 005 |
20231101234937.0 |
| 020 |
|
|
|a RU
|b 85-104775
|
| 035 |
|
|
|a (RuTPU)RU\TPU\book\299956
|
| 090 |
|
|
|a 276683
|
| 100 |
|
|
|a 20141125d1985 k y0rusy5003 ca
|
| 101 |
0 |
|
|a rus
|
| 102 |
|
|
|a RU
|
| 105 |
|
|
|a a z 001zy
|
| 200 |
1 |
|
|a Типоморфизм и геохимические особенности минералов эндогенных образований Якутии
|e сборник научных трудов
|f Академия наук СССР (АН СССР), Сибирское отделение (СО), Якутский филиал (ЯФ), Институт геологии ; Всесоюзное минералогическое общество (ВМО), Якутское отделение
|
| 210 |
|
|
|a Якутск
|c Изд-во ЯФ СО АН СССР
|d 1985
|
| 215 |
|
|
|a 149 с.
|c ил., 2 л. диагр.
|d 20 см
|
| 320 |
|
|
|a Библиография в конце статей
|
| 606 |
1 |
|
|a Минералы
|x Типоморфные свойства
|2 stltpush
|3 (RuTPU)RU\TPU\subj\43987
|9 63388
|
| 610 |
1 |
|
|a минералогия
|
| 610 |
1 |
|
|a геохимия
|
| 610 |
1 |
|
|a типоморфные свойства
|
| 610 |
1 |
|
|a Якутия
|
| 610 |
1 |
|
|a самородное золото
|
| 610 |
1 |
|
|a золоторудные месторождения
|
| 610 |
1 |
|
|a минеральный состав
|
| 610 |
1 |
|
|a оловорудные месторождения
|
| 610 |
1 |
|
|a типохимические особенности
|
| 610 |
1 |
|
|a касситерит
|
| 610 |
1 |
|
|a типоморфные свойства
|
| 610 |
1 |
|
|a платиновые металлы
|
| 610 |
1 |
|
|a антропогеновые отложения
|
| 610 |
1 |
|
|a вольфрам
|
| 610 |
1 |
|
|a золото-медно-порфировые месторождения
|
| 610 |
1 |
|
|a Северо-Восток СССР
|
| 610 |
1 |
|
|a гранитоидные интрузивы
|
| 610 |
1 |
|
|a карбонатиты
|
| 610 |
1 |
|
|a лейкограниты
|
| 610 |
1 |
|
|a биотиты
|
| 675 |
|
|
|a 549.01
|z rus
|v 4
|
| 712 |
0 |
2 |
|a Академия наук СССР (АН СССР)
|b Сибирское отделение (СО)
|b Якутский филиал (ЯФ)
|b Институт геологии
|c (Якутск)
|2 stltpush
|3 (RuTPU)RU\TPU\col\8181
|
| 712 |
0 |
2 |
|a Всесоюзное минералогическое общество (ВМО)
|b Якутское отделение
|2 stltpush
|3 (RuTPU)RU\TPU\col\21492
|
| 801 |
|
0 |
|a RU
|b RuMRKP
|c 19950704
|g psbo
|
| 801 |
|
1 |
|a RU
|b 63413507
|c 20141125
|
| 801 |
|
2 |
|a RU
|b 63413507
|c 20220727
|g RCR
|
| 942 |
|
|
|c BK
|